| 000 | 00472nam a2200181Ia 4500 | ||
|---|---|---|---|
| 003 | GCL | ||
| 008 | 140319s9999 xx 000 0 eng d | ||
| 040 |
_aGCL / _cGCL |
||
| 082 | 0 | 4 |
_a927 _bB I |
| 100 | 1 | _aBARDOT, BRIGITTE | |
| 245 | 1 | 0 |
_aINITIALES B.B: MEMORIES / _cBARDOT, BRIGITTE |
| 260 |
_a[S.N] : _bBERNARD GRASSET ، _c1996 |
||
| 300 | _a556 P | ||
| 650 | 0 | 4 | _aBARDOT, BRIGETTE |
| 650 | 0 | 4 | _aARTISTS - BIOGRAPHY |
| 650 | 0 | 4 | _aARTISITS - FRANCE |
| 942 |
_2ddc _cBK |
||
| 999 |
_c13972 _d13972 |
||